000 00875nam a2200193Ia 4500
003 Ost
005 20260416102357.0
008 260416s9999||||xx |||||||||||||| ||und||
040 _cfsecg
041 _aara
082 _a330
100 _aمداني، جميلة
_eمؤلف
245 0 _aمحاضرات في مقياس مدخل إلى علم الإقتصاد :
_bدروس موجهة الى طلبة ليسانس /
_c جميلة مداني
260 _aالجزائر
_bجامعة الجزائر3: كلية العلوم الإقتصادية، العلوم التجارية وعلوم التسيير
_c2020
300 _a173 ورقة
_bايضاحات
_c30 سم
653 _aالاقتصاد
710 _aجامعة الجزائر3: كلية العلوم الإقتصادية، العلوم التجارية وعلوم التسيير
_eناشر علمي
942 _cHANDOUT
999 _c41240
_d41240